| 000 | 00361nam a2200145Ia 4500 | ||
|---|---|---|---|
| 008 | 240412s9999||||xx |||||||||||||| ||und|| | ||
| 020 | _a9788175994287 | ||
| 082 |
_a400 _bDIC/D |
||
| 100 | _aDickens, Charles | ||
| 245 | 0 | _aDavid Copperfield | |
| 250 | _a1st Edition | ||
| 260 |
_aNew Delhi _bPrakash Book India Pvt.Ltd _c2023 |
||
| 300 | _a847p. | ||
| 942 | _cBK | ||
| 999 |
_c44494 _d44494 |
||